Genomics tools in environmental impact assessment /
Enregistré dans:
| Autres auteurs: | , , , , |
|---|---|
| Format: | Article |
| Langue: | English |
| Sujets: | |
| Tags: |
Ajouter un tag
Pas de tags, Soyez le premier à ajouter un tag!
|
| Thư viện lưu trữ: | Thư viện Trường Đại học Đà Lạt |
|---|
| LEADER | 01023nam a2200349 4500 | ||
|---|---|---|---|
| 001 | DLU090094052 | ||
| 005 | ##20091201 | ||
| 040 | # | # | |a DLU |b eng |
| 041 | # | # | |a eng |
| 044 | # | # | |a us |
| 245 | # | # | |a Genomics tools in environmental impact assessment / |c Hemant J. Purohit ... [et al.]. |
| 653 | # | # | |a Biogeochemical cycle |
| 653 | # | # | |a Biological indicator |
| 653 | # | # | |a Genomics |
| 653 | # | # | |a Microbial community |
| 653 | # | # | |a Risk assessment |
| 653 | # | # | |a Surveillance |
| 700 | # | # | |a Kapley, Atya |
| 700 | # | # | |a Padmanabhan, Parsuraman |
| 700 | # | # | |a Purohit, Hemant J. |
| 700 | # | # | |a Raje, Dhanajay V. |
| 700 | # | # | |a Singh, Rishi N. |
| 773 | # | # | |t Environmental Science & Technology |g Vol. 37, no. 19 (October 2003), p. 356A-363A |
| 920 | # | # | |a Phòng Tạp chí -- Trung tâm Thông tin - Thư viện Trường Đại học Đà Lạt |
| 994 | # | # | |a DLU |
| 900 | # | # | |a True |
| 911 | # | # | |a Trương Bảo Trâm Anh |
| 925 | # | # | |a G |
| 926 | # | # | |a A |
| 927 | # | # | |a BB |
| 980 | # | # | |a Thư viện Trường Đại học Đà Lạt |